Normal view
MARC view
Entry Personal Name
001 - CONTROL NUMBER
- control field: 17996
003 - CONTROL NUMBER IDENTIFIER
- control field: HDC
005 - DATE AND TIME OF LATEST TRANSACTION
- control field: 20230624073525.0
008 - FIXED-LENGTH DATA ELEMENTS
- fixed length control field: 210302|| aca||aabn | a|a d
040 ## - CATALOGING SOURCE
- Original cataloging agency: HDC
- Transcribing agency: HDC
100 ## - HEADING--PERSONAL NAME
- Personal name: Chia, Yan Min
670 ## - SOURCE DATA FOUND
- Source citation: Work cat.: (HDC): Chia, Yan Min, author, HALAL E-MARKETPLACE TO LAUNCH BY YEAR-END /, 2016
